000 nam a22 a 4500
999 _c161592
_d161592
003 BLK
005 20230324141038.0
008 180410b bul|||||r ||||||| ||bul||
010 _aKNG00168916000
040 _aBLK
041 _aBUL
_cBUL
072 7 _2bullib
_aК
_xКраезнание
072 7 _2bullib
_aЯ
_xАвтографи
080 _aБългарска литература
_b821.163.2
_x-1
_z821.163.2-1
100 1 _aНиколова, Добрина
_eпърви автор
_9255326
139 _aНиколова, Добрина
_bН 75
245 1 0 _aРанено бъдеще
_bЛирика
_cДобрина Николова; * Добрина Николова-Ортега; * Добринка Николова.
257 _aBGR
260 _aРусе
_bИзд. авт.
_c1992
_fРусе : Дунав Прес
300 _a48 с.
_bс ил. , портр.
_c20 см
380 _aX
500 _a1 000 тир.
659 _aК
659 _aЯ
700 1 _aНиколова-Ортега, Добрина
_e*
_9335268
700 1 _aНиколова, Добринка
_e*
_9381735
852 _aЦб 171201
_bЦб
852 _aК 821.163.2/Н 75 Д
856 4 _qpdf
_i0.00
_ldisable
856 4 _qpdf
_i0.00
_ldisable
942 _cKNG
_n0
_s1
944 _aCR
_c18.12.2014
_lф / 18.12.2014
_kНора_Радева
944 _aED
_c20.09.2017
_lф / 18.12.2014
_kЛюдмила_Стоянова
999 _d161592
999 _d161592
999 _d161592